<?xml version="1.0" encoding="UTF-8"?>
<collection xmlns="http://www.loc.gov/MARC21/slim">
 <record>
  <leader>00495pamaa2200157   4500</leader>
  <controlfield tag="001">0000018468</controlfield>
  <controlfield tag="005">20060509090000.0</controlfield>
  <datafield tag="020" ind1="0" ind2="0">
   <subfield code="a">0810393239 </subfield>
  </datafield>
  <datafield tag="082" ind1=" " ind2=" ">
   <subfield code="a">920 NEW 1996</subfield>
  </datafield>
  <datafield tag="090" ind1="0" ind2="0">
   <subfield code="a">CT120 </subfield>
   <subfield code="b">NEW 1996</subfield>
  </datafield>
  <datafield tag="245" ind1="1" ind2="0">
   <subfield code="a">NEWSMAKERS 1996 issue 3 : </subfield>
   <subfield code="b">the people behind today's headlines  </subfield>
   <subfield code="c">edited by Louise Mooney Collins and Frank V. Castronova.</subfield>
  </datafield>
  <datafield tag="260" ind1="0" ind2="0">
   <subfield code="a">Detroit: </subfield>
   <subfield code="b">Gale, </subfield>
   <subfield code="c">1996.</subfield>
  </datafield>
  <datafield tag="300" ind1=" " ind2=" ">
   <subfield code="a">viii, 161p.: </subfield>
   <subfield code="b">28cm.</subfield>
  </datafield>
  <datafield tag="650" ind1="0" ind2="0">
   <subfield code="a">Biography </subfield>
  </datafield>
  <datafield tag="700" ind1="1" ind2="1">
   <subfield code="a">COLLINS, </subfield>
   <subfield code="h">Louise Mooney </subfield>
  </datafield>
  <datafield tag="700" ind1="1" ind2="1">
   <subfield code="a">CASTRONOVA, </subfield>
   <subfield code="h">Frank V. </subfield>
  </datafield>
 </record>
</collection>
